| 000 | 00484nam a2200145 a 4500 | ||
|---|---|---|---|
| 008 | 120416s1968 ||||||||||||||||| || u | ||
| 050 | _aTK 7876 Mat | ||
| 100 | _aMetthews, P.A | ||
| 245 | 1 | 0 | _aMicrowave components |
| 246 | _aP.A. Mathews | ||
| 260 |
_aLondon _bChapman and Hall _c1968 |
||
| 300 | _aviii,196p. : ill. | ||
| 350 | _a0.00 | ||
| 995 |
_D0.00 _FCBU-MAIN LIBRARY (Kitwe) _H1 _I3.30 _UDAMAGED _ZMain Library Open Access Collection |
||
| 999 |
_c51170 _d51170 |
||